Normal view MARC view
  • HUMAIRA BANO

Entry Personal Name

Number of records used in: 1

001 - CONTROL NUMBER

  • control field: 70569

003 - CONTROL NUMBER IDENTIFIER

  • control field: NUST

005 - DATE AND TIME OF LATEST TRANSACTION

  • control field: 20210628204520.0

008 - FIXED-LENGTH DATA ELEMENTS

  • fixed length control field: 210628|| aca||aabn | a|a d

040 ## - CATALOGING SOURCE

  • Original cataloging agency: NUST
  • Transcribing agency: NUST

100 ## - HEADING--PERSONAL NAME

  • Personal name: HUMAIRA BANO

670 ## - SOURCE DATA FOUND

  • Source citation: Work cat.: (NUST): HUMAIRA BANO, TH-SOF-1053-ENHANCED ADAPTIVE WINDOW SORTED NEIGHBORHOOD METHOD FOR DUPLICATE DETECTION, 2015
© 2023 Central Library, National University of Sciences and Technology. All Rights Reserved.